LEADER 01043cam0 2200277 450 001 E600200043429 005 20210617081000.0 100 $a20081218d1971 |||||ita|0103 ba 101 $aita 102 $aIT 200 1 $aOpere politiche. Vol. 1$eElementi filosofici sul cittadino$eDialogo fra un filosofo e uno studioso del diritto comune d'Inghilterra$fThomas Hobbes$gcur. Norberto Bobbio 210 $aTorino$cUTET$d1971 215 $a576 p.$d24 cm 225 2 $aClassici della politica 410 1$1001LAEC00025675$12001 $a*Classici della politica 700 1$aHobbes$b, Thomas$3AF00010371$4070$0140545 702 1$aBobbio, Norberto$3A600200057334$4070 801 0$aIT$bUNISOB$c20210617$gRICA 850 $aUNISOB 852 $aUNISOB$j320|Coll|1|K$m25770 912 $aE600200043429 940 $aM 102 Monografia moderna SBN 941 $aM 957 $a320|Coll|1|K$b000004$gSi$d25770$racquisto$1pregresso2$2UNISOB$3UNISOB$420081218110620.0$520200204084107.0$6bethb 996 $aOpere politiche. Vol. 1$91680969 997 $aUNISOB